| 000 | 01364nam a2200373 i 4500 | ||
|---|---|---|---|
| 003 | EG-GICUC | ||
| 005 | 20260402102301.0 | ||
| 008 | 260402s1944 enkao||fr|||| 00| 0 eng d | ||
| 040 |
_aEG-GiCUC _beng _cEG-GiCUC _dEG-GiCUC _erda |
||
| 041 | _aeng | ||
| 082 | 0 | 4 |
_221 _a343.37 _bRO . T |
| 092 | 0 | 4 | _221 |
| 099 | _aLaw1 10 343.37 RO . T 1944 | ||
| 100 | 1 |
_aRoberts, C. E. Bechhofer _qCarl Eric Bechhofer Roberts _eAuthor. _epresenter |
|
| 245 | 1 | 4 |
_aThe trial of Regnald Sidney Buckfield / _cedited, with a foreword and a note on crime and insanity, by C.E. Bechhofer Roberts. |
| 264 | 1 |
_aLondon : _bJarrolds, _c1944. |
|
| 300 |
_a192 pages : _billustrations, _c24 cm. |
||
| 336 |
_2rda content _atext |
||
| 337 |
_2rda media _aComputer |
||
| 338 |
_2rda carrier _aOnline Resource |
||
| 490 |
_aThe Old Bailey trial series ; _v2. |
||
| 500 | _aIncludes a foreword and a note on crime and insanity. | ||
| 500 | _aThe trial for the murder of Ellen Ann Symes was held in the Central Criminal Court, London, Jan. 20-26, 1943. | ||
| 504 | _aIncludes colored illustrations, | ||
| 546 | _aText in English | ||
| 650 | 1 | _aCriminal Law | |
| 650 | 1 | _aCriminal procedure | |
| 650 | 1 | _aTrials | |
| 650 | 1 | _aCriminal trial | |
| 650 | 1 | _aInsanity | |
| 856 | 4 | 0 | _uhttps://fll.law.cu.edu.eg/fulltext/bks/B10-08212.pdf |
| 905 | _a43 | ||
| 942 |
_2ddc _n0 _cBK _e21 |
||
| 999 |
_c68397 _d68397 |
||